[Event "Xtracon Chess Open 2016"]
[Site "Helsingor DEN"]
[Date "2016.07.23"]
[Round "1.158"]
[White "Linjord, David Jess"]
[Black "Christensen, Casper"]
[Result "0-1"]
[WhiteElo "1488"]
[BlackElo "2012"]
[WhiteFideId "1527690"]
[BlackFideId "1415930"]
[EventDate "2016.07.23"]

1. c4 g6 2. Nc3 Bg7 3. d4 d6 4. Nf3 Nf6 5. g3 O-O 6. Bg2 Nh5 7. O-O c6 8. e4 e5
9. d5 c5 10. Qd3 Na6 11. a3 f5 12. Re1 f4 13. Rb1 g5 14. b4 Qf6 15. Qc2 Bd7 16.
b5 Nb8 17. Rf1 Qg6 18. Bb2 Bf6 19. Qd3 Ng7 20. Nd2 g4 21. f3 h5 22. Ne2 Bg5 23.
Rf2 h4 24. gxf4 exf4 25. fxg4 Bxg4 26. Bf3 Bc8 27. Kh1 Bf6 28. Nxf4 Qh6 29. Bxf6
Rxf6 30. Ne2 Nd7 31. Rg1 Ne5 32. Qc3 Bg4 33. Rff1 Bh3 34. Bg2 Bxg2+ 35. Rxg2
Rxf1+ 36. Nxf1 Rf8 37. Ne3 Kh7 38. Qc1 Nd3 39. Qd2 Nf2+ 40. Kg1 Nh3+ 41. Kh1 Rf3
42. Qc3 Nf2+ 43. Kg1 Nxe4 44. Qc2 Qxe3+ 45. Kh1 Nf5 46. Rg1 Nf2+ 47. Kg2 h3+ 48.
Kf1 Nd3# 0-1

[Event "Xtracon Chess Open 2016"]
[Site "Helsingor DEN"]
[Date "2016.07.23"]
[Round "1.159"]
[White "Skou, Niels"]
[Black "Amarapala, Anton"]
[Result "1-0"]
[WhiteElo "2011"]
[BlackElo "1487"]
[WhiteFideId "1413155"]
[BlackFideId "1517406"]
[EventDate "2016.07.23"]

1. e4 e5 2. Nf3 Nc6 3. Bb5 Nf6 4. d3 d6 5. h3 Bd7 6. c3 a6 7. Ba4 Be7 8. O-O h6
9. Re1 Na7 10. Bc2 c5 11. a4 Nc6 12. Nbd2 O-O 13. Nf1 Nh7 14. d4 cxd4 15. cxd4
Ng5 16. dxe5 Nxf3+ 17. Qxf3 Nd4 18. Qd3 Nxc2 19. Qxc2 dxe5 20. Ne3 Bg5 21. Nd5
Bxc1 22. Raxc1 Rc8 23. Qb3 Rxc1 24. Rxc1 Bc6 25. Rd1 Qh4 26. Qb4 Bxd5 27. Rxd5
Rd8 28. Qxb7 Rxd5 29. Qxd5 Qf4 30. Qc4 a5 31. Qc8+ Kh7 32. Qf5+ Qxf5 33. exf5 f6
34. Kf1 Kg8 35. Ke2 Kf8 36. b4 axb4 37. a5 b3 38. Kd2 Ke8 39. a6 1-0

[Event "Xtracon Chess Open 2016"]
[Site "Helsingor DEN"]
[Date "2016.07.23"]
[Round "1.160"]
[White "Wanvik, Tim"]
[Black "Madsen, Michael Ole"]
[Result "0-1"]
[WhiteElo "1479"]
[BlackElo "2010"]
[WhiteFideId "1521683"]
[BlackFideId "1407449"]
[EventDate "2016.07.23"]

1. e4 c6 2. d4 d5 3. exd5 cxd5 4. Nf3 Nc6 5. Bf4 Nf6 6. Bb5 Bg4 7. O-O e6 8. Qd3
Bf5 9. Qb3 Be7 10. Ne5 Rc8 11. c3 Qb6 12. Bxc6+ bxc6 13. Qxb6 axb6 14. Nd2 O-O
15. Bg5 Rfd8 16. Ndf3 h6 17. Bxf6 Bxf6 18. b4 Be7 19. Rfd1 Rc7 20. a4 Ra8 21. a5
bxa5 22. Rxa5 Rxa5 23. bxa5 f6 24. Ra1 fxe5 25. Nxe5 Bd6 26. a6 Ra7 27. Nxc6 Ra8
28. a7 Kf8 29. Ra2 Ke8 30. Rb2 Kd7 31. Rb8 Rxa7 0-1

[Event "Xtracon Chess Open 2016"]
[Site "Helsingor DEN"]
[Date "2016.07.23"]
[Round "1.161"]
[White "Schmitt, Carsten1"]
[Black "Jensen, Hans Askov"]
[Result "1-0"]
[WhiteElo "2008"]
[BlackElo "1469"]
[WhiteFideId "24675253"]
[BlackFideId "1419889"]
[EventDate "2016.07.23"]

1. c4 b6 2. Nc3 Bb7 3. e4 e6 4. g3 f5 5. Bg2 Nf6 6. d3 Bb4 7. Ne2 fxe4 8. O-O d5
9. dxe4 c6 10. exd5 cxd5 11. Qa4+ Nc6 12. cxd5 exd5 13. Bg5 Be7 14. Bxf6 Bxf6
15. Bxd5 Qc7 16. Nf4 O-O-O 17. Nb5 Qe5 18. Bxc6 Rd4 19. Bxb7+ Kxb7 20. Qxa7+ 1-0

[Event "Xtracon Chess Open 2016"]
[Site "Helsingor DEN"]
[Date "2016.07.23"]
[Round "1.162"]
[White "Narheim, Mats"]
[Black "Kristensen, Kjell Ole"]
[Result "0-1"]
[WhiteElo "1467"]
[BlackElo "2006"]
[WhiteFideId "1518607"]
[BlackFideId "1504746"]
[EventDate "2016.07.23"]

1. e4 c5 2. Nc3 e6 3. Bc4 Nc6 4. f4 g6 5. Nf3 Bg7 6. d3 Nge7 7. O-O d6 8. f5
exf5 9. exf5 d5 10. Bb3 Bxf5 11. Qe1 O-O 12. Qh4 Na5 13. Bh6 f6 14. Bxg7 Kxg7
15. g4 Nxb3 16. axb3 Be6 17. g5 Nf5 18. Qf4 Qd6 19. Qd2 a6 20. Ne2 d4 21. c3 Ne3
22. Rf2 fxg5 23. cxd4 Ng4 24. Rg2 Rxf3 25. dxc5 Qxd3 26. Qxg5 Qe3+ 27. Kh1 Qxg5 0-1

[Event "Xtracon Chess Open 2016"]
[Site "Helsingor DEN"]
[Date "2016.07.23"]
[Round "1.163"]
[White "Edwardsson, Hannu Kalervo"]
[Black "Krokay, Urszula"]
[Result "0-1"]
[WhiteElo "1451"]
[BlackElo "2003"]
[WhiteFideId "1708937"]
[BlackFideId "1125508"]
[EventDate "2016.07.23"]

1. e4 e5 2. Nf3 Nc6 3. Be2 Nf6 4. d3 Bc5 5. O-O d5 6. exd5 Nxd5 7. c4 Nf6 8. h3
h6 9. Be3 Qe7 10. Nc3 O-O 11. Ne4 Nxe4 12. dxe4 Bxe3 13. fxe3 b6 14. Kh2 Bb7 15.
a3 a5 16. Qc2 Qc5 17. Qc3 Rad8 18. Rfd1 f6 19. Rxd8 Rxd8 20. Rd1 Rxd1 21. Bxd1
Qd6 22. Qd2 Qxd2 23. Nxd2 Kf7 24. Kg1 Ke7 25. Kf2 Kd6 26. Ke2 Kc5 27. Kd3 Nd8
28. Nb3+ Kc6 29. Bf3 Ba6 30. Nd2 Kc5 31. Nb3+ Kd6 32. Nd2 Ne6 33. Nb3 Bb7 34. h4
a4 35. Nd2 Bc6 36. Kc3 Nc5 37. Kc2 Ke7 38. Kc3 g6 39. Kc2 Ke6 40. Kc3 Kd6 41.
Kc2 Nb7 42. Kc3 Kc5 43. b4+ axb3 44. Kxb3 Na5+ 45. Kc3 Bd7 46. Be2 Be6 47. Bd3
Bg4 48. g3 Bd1 49. Bb1 Kd6 50. Bd3 Nc6 51. Bf1 Na5 52. Kb4 Nb7 53. Bh3 Nc5 54.
Bf1 h5 55. Be2 Bxe2 0-1

[Event "Xtracon Chess Open 2016"]
[Site "Helsingor DEN"]
[Date "2016.07.23"]
[Round "1.164"]
[White "Jensen, Michael Agermose"]
[Black "Hein, Jacob"]
[Result "1-0"]
[WhiteElo "2001"]
[BlackElo "1447"]
[WhiteFideId "1408216"]
[BlackFideId "1402870"]
[EventDate "2016.07.23"]

1. e4 Nc6 2. Nc3 e5 3. f4 d6 4. Nf3 Bg4 5. Bc4 Nh6 6. d3 Nd4 7. O-O f5 8. Be3 c6
9. a4 Qb6 10. Qd2 Qxb2 11. Nxd4 exd4 12. Bxd4 c5 13. Rfb1 Qxa1 14. Rxa1 cxd4 15.
Nd5 Rc8 16. Qa5 a6 17. Rb1 fxe4 18. Rxb7 Bd1 19. Bb5+ 1-0

[Event "Xtracon Chess Open 2016"]
[Site "Helsingor DEN"]
[Date "2016.07.23"]
[Round "1.165"]
[White "Larsen, Alex"]
[Black "Rosell, Sven"]
[Result "0-1"]
[WhiteElo "1442"]
[BlackElo "1996"]
[WhiteFideId "1416669"]
[BlackFideId "1707760"]
[EventDate "2016.07.23"]

1. c4 Nf6 2. Nc3 g6 3. g3 Bg7 4. Bg2 O-O 5. e4 d6 6. Nge2 e5 7. d3 Nc6 8. Be3
Ng4 9. Bd2 f5 10. h3 Nh6 11. Qc1 Nb4 12. Qb1 fxe4 13. Nxe4 Nc6 14. Qc1 Nf5 15.
Bg5 Qe8 16. g4 Nfd4 17. Nxd4 Nxd4 18. Be3 Bd7 19. c5 d5 20. Nc3 c6 21. O-O Nf3+
22. Bxf3 Rxf3 23. Bg5 Qf8 24. Kg2 h6 25. Bh4 Rxd3 26. Qc2 Qf3+ 27. Kg1 Qxh3 28.
Bg3 e4 29. Ne2 Rf3 30. Rad1 Raf8 31. b4 Qxg4 32. Nd4 Qh3 33. Rde1 Rxg3+ 34. fxg3
Bxd4+ 0-1

[Event "Xtracon Chess Open 2016"]
[Site "Helsingor DEN"]
[Date "2016.07.23"]
[Round "1.166"]
[White "Schmied, Andreas"]
[Black "Eldor, Finn"]
[Result "1-0"]
[WhiteElo "1995"]
[BlackElo "1428"]
[WhiteFideId "4625897"]
[BlackFideId "1453700"]
[EventDate "2016.07.23"]

1. d4 d5 2. c4 Nf6 3. cxd5 Nxd5 4. Nf3 Nc6 5. e4 Nb6 6. d5 Na5 7. Bd2 Nac4 8.
Bxc4 g6 9. Bb3 Bg7 10. Bc3 O-O 11. Bxg7 Kxg7 12. O-O c6 13. Nc3 cxd5 14. Nxd5 e6
15. Nxb6 Qxb6 16. Qd4+ Qxd4 17. Nxd4 e5 18. Nf3 f6 19. Rfd1 Bg4 20. h3 Bxf3 21.
gxf3 Rad8 22. Rxd8 Rxd8 23. Rd1 Rxd1+ 24. Bxd1 b6 25. Kg2 h5 26. h4 Kf7 27. Ba4
Ke6 28. Be8 g5 29. hxg5 fxg5 30. Bxh5 Kd6 31. Kg3 Ke7 32. Kg4 Kf6 33. Be8 a5 34.
a4 Ke7 35. Bb5 Kf6 36. Kh5 1-0

[Event "Xtracon Chess Open 2016"]
[Site "Helsingor DEN"]
[Date "2016.07.23"]
[Round "1.167"]
[White "Janse, Circe"]
[Black "Garberg, Tore"]
[Result "0-1"]
[WhiteElo "1427"]
[BlackElo "1989"]
[WhiteFideId "36052183"]
[BlackFideId "1509632"]
[EventDate "2016.07.23"]

1. e4 c5 2. Nf3 e6 3. d4 cxd4 4. Nxd4 a6 5. Nc3 Qc7 6. Be3 Bb4 7. Qd2 Nf6 8. f3
d5 9. Bd3 e5 10. Nb3 d4 11. Nxd4 exd4 12. Bxd4 Nc6 13. Bxf6 gxf6 14. Qh6 Qe5 15.
O-O Bxc3 16. bxc3 Qg5 17. Qxg5 fxg5 18. Rab1 Ne5 19. Be2 Ke7 20. f4 gxf4 21.
Rxf4 Ng6 22. Rf2 Rd8 23. Bc4 Ne5 24. Bd5 Rb8 25. Rbf1 Be6 26. Bxe6 fxe6 27. Rb1
b5 28. Rbf1 Rf8 29. Rxf8 Rxf8 30. Rd1 Rc8 0-1

[Event "Xtracon Chess Open 2016"]
[Site "Helsingor DEN"]
[Date "2016.07.23"]
[Round "1.168"]
[White "Kakulidis, Ellen"]
[Black "Kharraziha, Hamid"]
[Result "1-0"]
[WhiteElo "1989"]
[BlackElo "1427"]
[WhiteFideId "1444972"]
[BlackFideId "1726862"]
[EventDate "2016.07.23"]

1. d4 d5 2. Nf3 Nf6 3. c4 c6 4. e3 e6 5. Nc3 Bd6 6. Bd3 O-O 7. O-O Nbd7 8. Qc2
dxc4 9. Bxc4 Nb6 10. Bd3 Nbd7 11. e4 e5 12. Bg5 h6 13. Be3 b6 14. h3 Bb7 15.
Rad1 Rc8 16. dxe5 Nxe5 17. Nxe5 Bxe5 18. f4 Bd4 19. Qf2 c5 20. e5 Bxe3 21. Qxe3
Qe7 22. Qe2 Ne8 23. Bc2 Nc7 24. Qd3 g6 25. Qg3 Kh8 26. Qe3 f5 27. Qg3 Rg8 28.
Bb3 Ne6 29. h4 c4 30. Ba4 a6 31. Rd7 Qc5+ 32. Kh2 Rc7 33. Rfd1 b5 34. Bc2 Rxd7
35. Rxd7 Rg7 36. Rxg7 Nxg7 37. Bd1 Kh7 38. Bf3 Bxf3 39. Qxf3 Qb4 40. Nd5 Qxb2
41. Nf6+ Kh8 42. Qa8+ 1-0

[Event "Xtracon Chess Open 2016"]
[Site "Helsingor DEN"]
[Date "2016.07.23"]
[Round "1.169"]
[White "Hestholm, Sverre"]
[Black "Kyrkjebo, Hanna B."]
[Result "0-1"]
[WhiteElo "1418"]
[BlackElo "1987"]
[WhiteFideId "1529161"]
[BlackFideId "1511599"]
[EventDate "2016.07.23"]

1. e4 e5 2. Nf3 Nc6 3. Bc4 Bc5 4. b4 Bxb4 5. c3 Ba5 6. d4 exd4 7. O-O Bb6 8. Qb3
Na5 9. Qa4 Nxc4 10. Qxc4 d6 11. Ng5 Qf6 12. f4 dxc3+ 13. Kh1 Be6 14. Nxe6 Qxe6
15. Qxc3 Nf6 16. e5 dxe5 17. Re1 O-O-O 18. Bb2 Ng4 19. h3 Nf2+ 20. Kh2 Rd3 21.
Rxe5 Qd7 22. Qc4 Rxh3+ 23. Kg1 Rh1# 0-1

[Event "Xtracon Chess Open 2016"]
[Site "Helsingor DEN"]
[Date "2016.07.23"]
[Round "1.170"]
[White "Svedberg, Hans"]
[Black "Tjora, Alexander"]
[Result "1-0"]
[WhiteElo "1985"]
[BlackElo "1411"]
[WhiteFideId "1705113"]
[BlackFideId "1528203"]
[EventDate "2016.07.23"]

1. e4 c5 2. b3 Nc6 3. Bb2 e6 4. Nf3 d5 5. Bb5 dxe4 6. Ne5 Ne7 7. Qe2 Qb6 8. Na3
a6 9. Nac4 Qc7 10. Bxc6+ Nxc6 11. Qxe4 Bd7 12. Nxd7 Kxd7 13. O-O-O b5 14. Ne5+
Nxe5 15. Qxa8 Qa5 16. Qb7+ 1-0

[Event "Xtracon Chess Open 2016"]
[Site "Helsingor DEN"]
[Date "2016.07.23"]
[Round "1.171"]
[White "Kvaloy, Ola"]
[Black "Henrichsen, Jens"]
[Result "0-1"]
[WhiteElo "1408"]
[BlackElo "1984"]
[WhiteFideId "1528823"]
[BlackFideId "1401858"]
[EventDate "2016.07.23"]

1. d4 Nf6 2. Nf3 g6 3. e3 Bg7 4. Bd3 b6 5. O-O Bb7 6. b3 O-O 7. Bb2 d6 8. Nbd2
Nfd7 9. c4 e5 10. Re1 Re8 11. Qc2 a5 12. h3 Qe7 13. Be4 Nc6 14. a3 Kh8 15. Bxc6
Bxc6 16. d5 Bb7 17. e4 Nf6 18. g4 h5 19. Nh2 hxg4 20. hxg4 Bh6 21. Ndf3 Bf4 22.
Bc1 g5 23. Kg2 Bc8 24. Bxf4 gxf4 25. Rh1 Kg7 26. g5 Ng4 27. Nxg4 Bxg4 28. Rag1
Rh8 29. Nh4 Qxg5 30. Nf5+ Kf6 31. Kf1 Rxh1 32. Rxh1 Bxf5 33. exf5 Rg8 34. Ke1
Qxf5 35. Qxf5+ Kxf5 36. f3 Rg2 37. Rh7 Kg6 38. Rh8 Rb2 39. Rc8 Rxb3 40. Rxc7
Rxf3 41. Rc6 Rc3 42. Rxd6+ Kf5 43. Rxb6 Rxc4 44. Ra6 a4 45. Ke2 Re4+ 46. Kf2 Rd4
47. d6 Ke6 48. Kf3 f5 49. Ra8 Kxd6 0-1

[Event "Xtracon Chess Open 2016"]
[Site "Helsingor DEN"]
[Date "2016.07.23"]
[Round "1.172"]
[White "Larsen, Ulrik"]
[Black "Frederiksen, Jacob"]
[Result "1-0"]
[WhiteElo "1983"]
[BlackElo "1382"]
[WhiteFideId "1441167"]
[BlackFideId "1437119"]
[EventDate "2016.07.23"]

1. e4 c5 2. Nf3 Nc6 3. d4 cxd4 4. c3 Nf6 5. e5 Ng4 6. cxd4 d6 7. e6 Bxe6 8. Nc3
Bd7 9. Bc4 g6 10. Bg5 Nf6 11. Bxf6 exf6 12. O-O Rc8 13. Qb3 Be7 14. Bxf7+ Kf8
15. Bd5 Na5 16. Qd1 Bc6 17. Re1 Qb6 18. b4 Qxb4 19. Qe2 Rc7 20. Qe6 Be8 21. Ne4
h6 22. Nxf6 Nc6 23. Nxe8 Kxe8 24. Bxc6+ bxc6 25. Rab1 1-0

[Event "Xtracon Chess Open 2016"]
[Site "Helsingor DEN"]
[Date "2016.07.23"]
[Round "1.173"]
[White "Thybo, Jan"]
[Black "Frisk, Hans"]
[Result "0-1"]
[WhiteElo "1382"]
[BlackElo "1981"]
[WhiteFideId "1438824"]
[BlackFideId "1708570"]
[EventDate "2016.07.23"]

1. e4 e5 2. f4 exf4 3. Nf3 g5 4. Bc4 Nc6 5. Nc3 g4 6. O-O gxf3 7. Qxf3 Qg5 8.
Nd5 Ne5 9. Qc3 Bd6 10. d4 Nxc4 11. Qxc4 c6 12. Nxf4 Qb5 13. Qc3 Qb4 14. Qf3
Qxd4+ 15. Be3 Qe5 16. Rad1 Bc5 17. Nd3 Bxe3+ 18. Qxe3 Qe7 19. e5 d5 20. Qf4 Be6
21. b4 h5 22. Nc5 Nh6 23. Rf2 Nf5 24. Rdf1 O-O-O 25. a4 Rdg8 26. Nxe6 fxe6 27.
Qd2 Rg4 28. Rf4 Rhg8 29. R1f2 Rxf4 30. Rxf4 Qg5 31. Qf2 h4 32. h3 Qg3 33. Rg4
Rxg4 34. hxg4 Qxf2+ 35. Kxf2 Ne7 36. Ke3 Ng6 37. Kd4 b6 38. c3 Kd7 39. a5 Ke7
40. g5 Kd7 41. a6 Ke7 42. c4 dxc4 43. Kxc4 Nxe5+ 0-1

[Event "Xtracon Chess Open 2016"]
[Site "Helsingor DEN"]
[Date "2016.07.23"]
[Round "1.174"]
[White "Taksrud, Vidar"]
[Black "Hina, Ariza"]
[Result "1-0"]
[WhiteElo "1979"]
[BlackElo "1370"]
[WhiteFideId "1502158"]
[BlackFideId "1525441"]
[EventDate "2016.07.23"]

1. Nf3 Nc6 2. c4 g6 3. d4 Nf6 4. Nc3 d5 5. cxd5 Nxd5 6. e4 Nxc3 7. bxc3 Bg7 8.
Rb1 O-O 9. Bd3 e5 10. d5 Ne7 11. O-O c6 12. c4 cxd5 13. cxd5 b6 14. Ba3 Re8 15.
Qb3 Kh8 16. Ng5 Kg8 17. d6 Nc6 18. Qxf7+ Kh8 19. Qd5 Rf8 20. Nf7+ Rxf7 21. Qxf7
Nd4 22. Rbc1 Be6 23. Qe7 Bf6 24. Qxd8+ Rxd8 25. Rc7 Bxa2 26. Rxa7 Be6 27. Rc1 b5
28. Rcc7 h5 29. Bb4 Kg8 30. Bc3 Rxd6 31. Ra8+ Rd8 32. Rxd8+ Bxd8 33. Rb7 Bg5 34.
Bxb5 Bb3 35. Bxd4 exd4 36. Bd3 Ba4 37. g3 Bc6 38. Rc7 Bd5 39. f4 1-0

[Event "Xtracon Chess Open 2016"]
[Site "Helsingor DEN"]
[Date "2016.07.23"]
[Round "1.175"]
[White "Hviid, Hans Henrik"]
[Black "Aubert, Carsten"]
[Result "0-1"]
[WhiteElo "1367"]
[BlackElo "1977"]
[WhiteFideId "1425374"]
[BlackFideId "1504320"]
[EventDate "2016.07.23"]

1. e4 e5 2. Nf3 Nc6 3. d4 exd4 4. Nxd4 Nf6 5. Nxc6 bxc6 6. Bd3 d5 7. e5 Nd7 8.
Bf4 Nc5 9. O-O Be7 10. Nc3 O-O 11. a3 a5 12. b3 Nxd3 13. Qxd3 Ba6 14. Qg3 Bh4
15. Qg4 f5 16. Qh3 Bxf1 17. Rxf1 Be7 18. a4 g6 19. Ne2 c5 20. Bh6 Re8 21. Nf4
Qd7 22. Rd1 c6 23. Rd3 Bf8 24. Bxf8 Kxf8 25. Qh6+ Qg7 26. Qxg7+ Kxg7 27. Rg3
Rxe5 28. Nh5+ Kf7 29. f4 Re2 30. Rc3 gxh5 31. Rxc5 Re6 32. c4 d4 33. Rxf5+ Ke7
34. Rxh5 d3 35. Rxh7+ Kd6 36. Rh3 Re1+ 37. Kf2 Rd1 38. Rh6+ Kc5 39. Rh5+ Kd4 40.
Rh6 Rd8 41. Rxc6 Kc3 42. Rc5 d2 43. Rd5 Rxd5 44. cxd5 Re1 45. d6 0-1

[Event "Xtracon Chess Open 2016"]
[Site "Helsingor DEN"]
[Date "2016.07.23"]
[Round "1.177"]
[White "Nielsen, Bent K."]
[Black "Skovgaard, Ib"]
[Result "0-1"]
[WhiteElo "1349"]
[BlackElo "1972"]
[WhiteFideId "1450492"]
[BlackFideId "1406760"]
[EventDate "2016.07.23"]

1. Nf3 d5 2. e3 Nf6 3. d4 g6 4. b3 Bg7 5. Bb2 O-O 6. c4 c6 7. Nbd2 Bf5 8. h3 Na6
9. a3 Ne4 10. cxd5 cxd5 11. Nh4 Bd7 12. Bd3 e5 13. Nhf3 exd4 14. Bxd4 Bxd4 15.
Nxd4 Nac5 16. Nxe4 dxe4 17. Bc2 Qg5 18. b4 Qxg2 19. Ke2 Ne6 20. Qg1 Nxd4+ 21.
exd4 Bb5+ 22. Ke1 Qf3 23. Bd1 Qc3# 0-1

[Event "Xtracon Chess Open 2016"]
[Site "Helsingor DEN"]
[Date "2016.07.23"]
[Round "1.178"]
[White "Svensson, Lars-Ake"]
[Black "Jacobsen, Harald Kittel Lytomt"]
[Result "1-0"]
[WhiteElo "1972"]
[BlackElo "1343"]
[WhiteFideId "1714821"]
[BlackFideId "1533460"]
[EventDate "2016.07.23"]

1. e4 e5 2. Nf3 Nc6 3. Bb5 Nf6 4. d3 Bb4+ 5. c3 Bc5 6. h3 a6 7. Ba4 b5 8. Bc2 d5
9. Nbd2 dxe4 10. dxe4 Bb7 11. Qe2 Nh5 12. g3 O-O 13. Nf1 Qf6 14. Ne3 Bxe3 15.
Bxe3 Ne7 16. Bg5 Qb6 17. Bxe7 Rfe8 18. Bg5 b4 19. c4 Qc6 20. Nd2 f5 21. Qxh5
fxe4 22. Bxe4 Qb6 23. Be3 c5 24. Qxh7+ Kf8 25. Bxb7 Qxb7 26. Qe4 Qf7 27. Bxc5+
Kg8 28. Qd5 Qxd5 29. cxd5 Rad8 30. d6 a5 31. Ne4 Kf7 32. Ke2 Ke6 33. Rhd1 Kf5
34. Ke3 Rb8 35. d7 Red8 36. Be7 Rxd7 37. Rxd7 a4 38. Rad1 a3 39. b3 Kg6 40.
R1d6+ Kf7 41. Bg5+ Ke8 42. Re7+ Kf8 43. Rdd7 Rb5 44. Rf7+ Kg8 45. Rxg7+ Kh8 1-0

[Event "Xtracon Chess Open 2016"]
[Site "Helsingor DEN"]
[Date "2016.07.23"]
[Round "1.179"]
[White "Palozza, Flavio"]
[Black "Oe, Oluf"]
[Result "0-1"]
[WhiteElo "1342"]
[BlackElo "1971"]
[WhiteFideId "2815740"]
[BlackFideId "1404970"]
[EventDate "2016.07.23"]

1. e4 c5 2. Nf3 Nc6 3. g3 g6 4. Bg2 Bg7 5. O-O d6 6. Nc3 Bg4 7. Re1 Nd4 8. d3 e5
9. Be3 Nf6 10. Bg5 h6 11. Bxf6 Qxf6 12. Re3 Be6 13. a3 O-O 14. Nh4 Rac8 15. Nf3
a6 16. Qd2 b5 17. Rf1 Qe7 18. Nh4 b4 19. Nb1 Qb7 20. a4 c4 21. c3 Nb3 22. Qd1
cxd3 23. Rxd3 Bc4 24. Rxd6 Bxf1 25. Qxf1 Rc6 26. Rd5 Rfc8 27. Qd1 bxc3 28. Rd8+
Rxd8 29. Qxd8+ Kh7 30. Nxc3 Nd4 31. Nd5 Ne6 32. Nf6+ Bxf6 33. Qxf6 Qc7 34. Nf3
Ng5 35. Nxg5+ hxg5 36. Qxg5 Rc1+ 37. Bf1 Qc4 38. Qh4+ Kg7 39. Qh3 Qxe4 40. Qh4
Qxh4 41. gxh4 Rb1 42. Kg2 a5 43. Bb5 Rxb2 44. Kg3 f5 45. Kg2 Kf6 46. Kg3 Rb3+
47. Kg2 Rb4 48. Kg3 Rxb5 49. axb5 Ke6 50. Kf3 a4 51. b6 Kd6 52. Ke3 a3 53. b7
Kc7 54. Kd3 a2 55. b8=Q+ Kxb8 56. Kc2 a1=Q 57. h5 gxh5 58. h4 Qa3 59. Kb1 Kc7
60. f4 exf4 61. Kc2 f3 62. Kb1 Qe3 63. Kc2 f2 64. Kd1 f1=Q+ 65. Kc2 Qff2+ 66.
Kd1 Qed2# 0-1

[Event "Xtracon Chess Open 2016"]
[Site "Helsingor DEN"]
[Date "2016.07.23"]
[Round "1.180"]
[White "Bering, Anders"]
[Black "Amarapala, Sheroni"]
[Result "1-0"]
[WhiteElo "1967"]
[BlackElo "1330"]
[WhiteFideId "1405810"]
[BlackFideId "1518585"]
[EventDate "2016.07.23"]

1. e4 e5 2. Bc4 Nc6 3. Nc3 Nf6 4. d3 h6 5. f4 d6 6. h3 Be7 7. Nf3 O-O 8. fxe5
dxe5 9. Be3 b6 10. Qd2 Bb7 11. O-O-O Rc8 12. Kb1 Kh7 13. g4 Nd7 14. g5 Bc5 15.
gxh6 Bxe3 16. Qxe3 gxh6 17. h4 f6 18. Be6 Ne7 19. d4 exd4 20. Rxd4 Bc6 21. Rhd1
Qe8 22. Bxd7 Bxd7 23. Rxd7 Rg8 24. Nd5 Qf8 25. Rxe7+ Kh8 26. Re6 Rd8 27. Rf1 Rg6
28. Ne5 Rg2 29. Nf7+ Qxf7 30. Qxh6+ Qh7 31. Qxf6+ Rg7 32. Qxd8+ Rg8 33. Rf8 Qg7
34. Rh6+ Qxh6 35. Rxg8+ Kh7 36. Rh8+ Kg6 37. Qf6+ Kh5 38. Qg5# 1-0

[Event "Xtracon Chess Open 2016"]
[Site "Helsingor DEN"]
[Date "2016.07.23"]
[Round "1.181"]
[White "Cithu, Arjun Vijay"]
[Black "Voll, Oddvar U"]
[Result "0-1"]
[WhiteElo "1330"]
[BlackElo "1967"]
[WhiteFideId "1528742"]
[BlackFideId "1533827"]
[EventDate "2016.07.23"]

1. e4 d5 2. exd5 Nf6 3. Nf3 Bg4 4. Be2 Qxd5 5. d4 e6 6. O-O Nc6 7. c4 Qd7 8. Be3
O-O-O 9. Ng5 Bxe2 10. Qxe2 h6 11. Nf3 g5 12. Rd1 g4 13. Ne1 e5 14. d5 Kb8 15.
Nc3 Ne7 16. Nd3 Ng6 17. Re1 Nh5 18. g3 Re8 19. Bd4 Bd6 20. Be3 e4 21. Nc5 Bxc5
22. Bxc5 Ne5 23. Kh1 Nf3 24. Red1 Qf5 25. Qe3 Nf4 26. Bxa7+ Kc8 27. Nb5 Qh5 28.
h4 Nxh4 29. Qxf4 Nf3+ 30. Kg2 Qh3# 0-1

[Event "Xtracon Chess Open 2016"]
[Site "Helsingor DEN"]
[Date "2016.07.23"]
[Round "1.182"]
[White "Mehringer, Joerg"]
[Black "Jacobsen, Stig Jerlow"]
[Result "1-0"]
[WhiteElo "1966"]
[BlackElo "1322"]
[WhiteFideId "12915351"]
[BlackFideId "1519816"]
[EventDate "2016.07.23"]

1. e4 d5 2. exd5 Nf6 3. d4 e6 4. dxe6 Bxe6 5. Nf3 Nc6 6. Bb5 Qd7 7. O-O O-O-O 8.
Be3 h6 9. Ne5 Qd6 10. Nxc6 bxc6 11. Ba6+ Kb8 12. c4 c5 13. Qb3+ Qb6 14. dxc5
Qxb3 15. axb3 Ne4 16. b4 g5 17. f3 Nf6 18. Bb5 Bc8 19. Nc3 Rd3 20. Rfe1 Bg7 21.
c6 a6 22. Bxa6 Re8 23. Bxc8 Rxc8 24. Ra2 1-0

[Event "Xtracon Chess Open 2016"]
[Site "Helsingor DEN"]
[Date "2016.07.23"]
[Round "1.183"]
[White "Svane, Freja"]
[Black "Thomsen, Kim R."]
[Result "0-1"]
[WhiteElo "1302"]
[BlackElo "1966"]
[WhiteFideId "12940100"]
[BlackFideId "1410890"]
[EventDate "2016.07.23"]

1. d4 Nf6 2. c4 e6 3. Nc3 Bb4 4. Qc2 d5 5. e3 c5 6. Nf3 Nc6 7. Bd3 cxd4 8. exd4
O-O 9. Bg5 h6 10. Bh4 dxc4 11. Bxc4 Nxd4 12. Qd3 Nxf3+ 13. Qxf3 Qd4 14. Qg3 Ne4
15. Qg4 Bxc3+ 16. bxc3 Qxc3+ 17. Ke2 Qxc4+ 18. Kf3 Qd3+ 19. Kf4 e5+ 20. Kxe5
Bxg4 21. f3 Nc5 22. fxg4 Qe4+ 23. Kd6 Rac8 24. Rhe1 Rc6# 0-1

[Event "Xtracon Chess Open 2016"]
[Site "Helsingor DEN"]
[Date "2016.07.23"]
[Round "1.185"]
[White "Christoffersen, Micki Aron"]
[Black "Molvig, Julius"]
[Result "0-1"]
[WhiteElo "1263"]
[BlackElo "1964"]
[WhiteFideId "1454021"]
[BlackFideId "1405748"]
[EventDate "2016.07.23"]

1. e4 c5 2. Nf3 e6 3. Be2 d5 4. d3 Nc6 5. c3 Nge7 6. Nbd2 Ng6 7. O-O Be7 8. Re1
O-O 9. Nb3 b6 10. Be3 Bb7 11. Qc2 Rc8 12. Rad1 Qc7 13. d4 dxe4 14. Qxe4 Nxd4 15.
Qb1 Nxe2+ 16. Rxe2 Bxf3 17. gxf3 f5 18. Bd2 Qc6 19. Kg2 Nh4+ 20. Kf1 Rf6 21. Bg5
Qxf3 22. Ke1 Qg2 23. Bxh4 g5 24. Bg3 f4 25. f3 Qh1+ 26. Kf2 fxg3+ 27. hxg3 Rxf3# 0-1

[Event "Xtracon Chess Open 2016"]
[Site "Helsingor DEN"]
[Date "2016.07.23"]
[Round "1.186"]
[White "Strachan, Christian C."]
[Black "Kreken, Eivind Grunt"]
[Result "1-0"]
[WhiteElo "1964"]
[BlackElo "1245"]
[WhiteFideId "1417215"]
[BlackFideId "1532359"]
[EventDate "2016.07.23"]

1. e4 e6 2. d4 d5 3. Nd2 Be7 4. Ngf3 Nf6 5. e5 Nfd7 6. Bd3 c5 7. c3 Nc6 8. Bc2
cxd4 9. cxd4 Qc7 10. O-O O-O 11. Re1 f6 12. exf6 Nxf6 13. Nf1 Re8 14. Bg5 Qd8
15. Rc1 Bf8 16. a3 a5 17. Qd3 g6 18. Ne5 Bg7 19. h4 Qc7 20. Ng3 Nxe5 21. dxe5
Ng4 22. Bf6 Rf8 23. Qe2 Nxf6 24. exf6 Rxf6 25. Bxg6 Qe7 26. Bd3 Bh6 27. Nf5 Qf7
28. Nxh6+ Rxh6 29. Qg4+ Kf8 30. Qd4 Kg8 31. Re3 Rf6 32. Rg3+ Kf8 33. Qc5+ Ke8
34. Bb5+ Bd7 35. Bxd7+ Qxd7 36. Rg8+ 1-0